000 00941nam a22003017a 4500
001 BR7909093
003 BR-BrBNA
005 20230928090432.0
007 ta
008 230509b bl.||||| |||| 00| 0 por d
040 _aBR-BrBNA
_bpor
_cBiblioteca Nacional de Agricultura
041 _a(Por)
072 _aE10
_b/G514
090 _ E10 BR7909093
110 1 _aUniversidade Federal de Minas Gerais, Belo Horizonte (Brasil). Centro de Desenvolvimento e Planejamento Regional
_910836
245 1 _aOcupacao agricola da Amazonia. Primeiros estudos para a fixacao de diretrizes [Brasil]
_bAnexo
260 3 _aBelo Horizonte, MG (Brasil):
_c1979.
300 _a271 p.
500 _a63 tables
650 _aPOLITICA AGRICOLA
650 _aPLANEJAMENTO AGRICOLA
650 _aDEMOGRAFIA
650 _aRECURSO NATURAL
650 _aEXPLORACAO AGRICOLA
650 _aAMAZONIA
909 _a202309
_bLucia
_c55
_dLucia Elande
942 _cBK
999 _c28826
_d28826